000 00674nam a2200253Ia 4500
003 OSt
005 20221005053746.0
006 a|||||r|||| 00| 0
007 ta
008 221004b |||||||| |||| 00| 0 eng d
024 _a78606
037 _cTextual
040 _aCRL
_cCRL
_beng
041 _2eng
_aeng
082 _aA.3, K6
110 _aCouncil for scientific policy
_9597698
245 0 _aReport on science policy
260 _aLondon
_bHer majesty's stationery office London
_c1966
300 _a27p.
_ccm.
650 _aSCIENCE
700 _aCouncil for scientific policy
_9597699
942 _hA.3, K6
_cTEXL
_2cc
999 _c962500
_d962500